000 00764nmc a2200289 a 4500
003 AR-BaBNM
005 20251128204454.0
008 037019s1993 ||||||||||||||000 | spa||
020 _a950-07-0778-0
040 _cAR-BaBNM
100 1 _aValentino, Esteban
245 1 0 _aSobre ruedas
260 _aBuenos Aires
_bSudamericana
_c1993
300 0 _a14 p.
_bil.
490 0 _aLibros del bolsillo
_vv. 25
500 0 _aContiene nota de la editora a los lectores
650 4 _aCUENTO INFANTIL
650 4 _aLITERATURA ARGENTINA
650 4 _aLITERATURA INFANTIL
650 4 _aLIBROS PARA NINOS
650 4 _aCUENTOS DE AVENTURAS
655 _aLITERATURA
700 1 _aArias, Leonardo
_eilustrador
800 0 _aCanela
942 _cBK
998 _cLAURA
999 _c7556
_d7556